00884 2200313 4500001002100000005001500021035002000036007000300056008004100059020001800100082001000118084001600128084001400144100002500158245005500183250001200238300003800250650002600288650002600314650002600340650002900366700002300395264005200418336002100470337003000491338002300521990001300544990001300557INLIS00000000111904520220705101252 a0010-0722000038ta220705 0 ind  a9786233120814 a352.4 aD MAPU 5202 aMAPU 52020 aM. IkhsanePengarang1 aAdministrasi Keuangan Publik /cM. Ikhsan, Haryati aedisi 3 a798 halaman :bilustrasi ;c21 cm 4aKeuangan -- Manajemen 4aAdministrasi Keuangan 4aFinance -- Management 4aFinancial Administrasion0 aHaryatiePengarang aTangerang Selatan :bUniversitas Terbuka,c2021 2rdacontentaTeks 2rdamediaaTanpa Perantara 2rdacarrieraVolume a22/30068 a22/90068